00779nam a2200229Ii 45000010005000000030009000050080041000140200015000550400033000700410008001030820021001111000030001322450029001622640040001913000012002313360026002433370028002693380027002979400050003249990017003749520158003913161CO-ViMGA241108s9999||||xx |||||||||||||| ||und|| a9586391868 aCO-ViMGAbspaerdacCO-ViMGA0 aspa04a306.209861 B27ra1 aBetancourt, Ingrid92601310aLa rabia en el corazón 1aBogotá, Colombia : Grijalbo, 2001 avolumen atextbtxt2rdacontent aunmediatedbn2rdamedia avolumebnc2rdacarrier aidficha_siabuc: 3086. -- ficha_no_siabuc:3161 c39734d39734 001040708001aMEVIGERRbMEVIGERRcGENd2006-11-27l1m1o306.209861 B27rapECA1425r2025-01-16 14:14:28s2025-01-16tEj.1w2024-11-25yBKz3086 | 4409